| 000 | 00843nam a2200229 i 4500 | ||
|---|---|---|---|
| 001 | 137883 | ||
| 003 | ES-MaACL | ||
| 005 | 20250816063141.0 | ||
| 007 | t| | ||
| 008 | 070214s1959 sp r ||||1| spa d | ||
| 100 | 1 |
_aSalustio Crispo, Cayo, _d86 a.C.-34 a.C. _9102051 |
|
| 245 | 1 | 0 |
_aGuerra de Yugurta _b: ; seguida de la Conjuración de Catilina ; Fragmentos de la `Gran Historia de Roma` / _cCayo Salustio Crispo ; traducción del latín, prólogo y notas por José Torrens Béjar. |
| 260 |
_aBarcelona : _bIberia, _c1959. |
||
| 300 |
_aXIII, 229 p. ; _c19 cm. |
||
| 490 | 1 | _aObras maestras | |
| 700 | 0 |
_aTorrens Béjar, José. _9110825 |
|
| 740 | 0 | _aConjuración de Catilina. | |
| 740 | 0 | _aGran Historia de Roma. | |
| 830 | 0 |
_aObras maestras _9181001 |
|
| 852 |
_aES-MaACL _jC-17035 _bR.45465 |
||
| 999 |
_c137883 _d137883 |
||